Advances in the use of recycled rubber content in new tyres : Papers presented at ITEC `96, Akron 10-12 September 1996 (Record no. 41064)

MARC details
000 -LEADER
fixed length control field 00395nam a2200121Ia 4500
082 ## - DEWEY DECIMAL CLASSIFICATION NUMBER
Classification number 678.065:678.028.6
Item number WAL
100 ## - MAIN ENTRY--AUTHOR NAME
Personal name Wallace, Kevin C
245 #0 - TITLE STATEMENT
Title Advances in the use of recycled rubber content in new tyres : Papers presented at ITEC `96, Akron 10-12 September 1996
260 ## - PUBLICATION, DISTRIBUTION, ETC. (IMPRINT)
Place of publication Akron
Year of publication 1996
650 ## - SUBJECT ADDED ENTRY--TOPICAL TERM
Topical Term Rubber recycling
942 ## - ADDED ENTRY ELEMENTS (KOHA)
Koha item type Books
Holdings
Withdrawn status Lost status Damaged status Not for loan Home library Current library Date acquired Cost, normal purchase price Full call number Accession Number Koha item type
        RRII Library RRII Library 16/12/2021 300.00 678.065:678.028.6 WAL 21356 Books